000
003290000a22001450004500
003
MACL
040
_a
MACL
090
_c
2591
_d
2591
100
_a
Singh, Gyani Brahma
245
_a
Hazrat Mian Mir And The Sufi Tradition
260
_a
Patiala
_b
Punjabi University
_c
1994
350
_a
80
650
_a
Religion
942
_c
BOOK
_k
200
999
_c
2572
_d
2572